00534 2200229 4500001002100000005001500021035002000036008004100056245007000097100001900167250000600186260002800192300000900220022000600229024000600235084001400241082000800255650001700263863000600280990000900286990000900295INLIS00000000000019520200207111155 a0010-0919000015200207 0 ind 1 aPenuntun Membuat Paper Dan Menyusun Clipping /cDr. Sayoga, M.Sc. aSayoga,Dr.M.sc a1 aJakarta :bWarga,c1986 c21cm a0 a0 a804 SAY p a804 4aKesusastraan a0 a1190 a1190